000 01000nam a2200289Ia 4500
003 OSt
005 20220923211231.0
006 a|||||r|||| 00| 0
007 ta
008 220922b |||||||| |||| 00| 0 hin d
020 _a9788171192854
_c500
024 _a258,712
037 _b273, 15/12/2011, Vani Prakashan
_cTextual
040 _aARTS
_cARTS
_bhin
041 _2hin
_ahin
082 _aO152,1M96:g, N1
100 _aशर्मा, राम विलास
245 0 _aनिराला
246 _aNirālā
260 _aनई दिल्ली
_b राधा कृष्ण प्रकाशन
_c1991
300 _a200पृ.
_ccm.
650 _a हिन्दी कविता
650 _a हिन्दी कविता
650 _aहिन्दी साहित्य
_9156264
942 _hO152,1M96:g, N1
_cTEXL
_2CC
999 _c297371
_d297371